书目信息 |
| 题名: |
最新书法字典
|
|
| 作者: | 孙士熊撰书陈器 编著 | |
| 分册: | ||
| 出版信息: | 重庆 重庆出版社 1990.04 |
|
| 页数: | 504页 | |
| 开本: | 20cm | |
| 丛书名: | ||
| 单 册: | ||
| 中图分类: | J292-61 | |
| 科图分类: | ||
| 主题词: | 书法--中国--词典 , 篆刻--中国--词典 | |
| 电子资源: | ||
| ISBN: | 7-5366-1273-7 | |
| 000 | 00615nam0 2200205 45 | |
| 001 | 0504271670 | |
| 005 | 20050428112828.5 | |
| 010 | @a7-5366-1273-7@dCNY7.70 | |
| 100 | @a20050427d1990 km y0chiy0120 ea | |
| 101 | 0 | @achi |
| 105 | @a z 000yy | |
| 200 | 1 | @a最新书法字典@AZui Xin Shu Fa Zi Dian@f孙士熊 撰书 陈器 编著@FSun ShiXiong Zhuan Shu Chen Qi Bian Zhu |
| 210 | @a重庆@c重庆出版社@d1990.04 | |
| 215 | @a504页@d20cm | |
| 606 | 0 | @a书法@x中国@x词典 |
| 606 | 0 | @a篆刻@x中国@x词典 |
| 690 | @aJ292-61@v3 | |
| 701 | 0 | @a孙士熊撰书陈器@4编著 |
| 801 | @aCN@bTSTCL@c20050427 | |
| 905 | @f1@b237420@dJ292-61@e238 | |
| 最新书法字典/孙士熊 撰书 陈器 编著.-重庆:重庆出版社,1990.04 |
| 504页;20cm |
| ISBN 7-5366-1273-7:CNY7.70 |
| ● |
| 相关链接 |
|
|
|
|
正题名:最新书法字典
索取号:J292-61/238
 
预约/预借
| 序号 | 登录号 | 条形码 | 馆藏地/架位号 | 状态 | 备注 |
| 1 | 0237420 | 000696063 | 密集书库/ [索取号:J292-61/238] | 在馆 | |
| 2 | 0237421 | 202111703 | 第一样本阅览室/ [索取号:J292-61/238] | 在馆 | |
| 3 | 0264810 | 001211325 | 第一样本阅览室/ [索取号:J292-61/238] | 在馆 |